Statistics for Kate Winslet Filmography

Click here to take the quiz!

General Stats

  • This quiz has been taken 278 times
    (19 since last reset)
  • The average score is 33 of 101

Answer Stats

TypeYearName% Correct
Film1997Titanic
93%
Film1995Sense and Sensibility
80%
Film2008The Reader
80%
Film2004Eternal Sunshine of the Spotless Mind
73%
Film2008Revolutionary Road
73%
Film2015Steve Jobs
73%
Film1994Heavenly Creatures
67%
Film1996Jude
67%
Film2006Little Children
67%
TV Mini-Series2021Mare of Easttown
67%
Film2006The Holiday
67%
Film2022Avatar: The Way of Water
60%
Film2014Divergent
60%
Film2001Iris
60%
TV Mini-Series2011Mildred Pierce
60%
Film2000Quills
60%
Film2015The Dressmaker
60%
Film2020Ammonite
53%
Film2011Contagion
53%
Film2004Finding Neverland
53%
Film1996Hamlet
53%
Film1999Holy Smoke!
53%
Film2013Labor Day
53%
Film2013Movie 43
53%
Film2015The Divergent Series: Insurgent
53%
Film2017The Mountain Between Us
53%
Film2017Wonder Wheel
53%
Film2014A Little Chaos
47%
Film2011Carnage
47%
Film2001Enigma
47%
Film1998Hideous Kinky
47%
Film2005Romance & Cigarettes
47%
Film2003The Life of David Gale
47%
TV Mini-Series2024The Regime
47%
Film2016Triple 9
47%
Film2019Blackbird
40%
TV Show2005Extras
40%
Film2006Flushed Away
40%
Film2023Lee
40%
Film1995A Kid in King Arthur's Court
33%
Film2006All the King's Men
33%
Film2001Christmas Carol: The Movie
33%
TV Show2022I Am...
33%
Film2018Mary and the Witch's Flower
33%
TV Film2004Pride
33%
TV Show2004Saturday Night Live
33%
Film2020Black Beauty
27%
Film2016Collateral Beauty
27%
Film1999Faeries
27%
TV Show1992-1993Get Back
27%
TV Show2015Running Wild with Bear Grylls
27%
Film2007The Fox & the Child
27%
Music Video2001What If
27%
TV Mini-Series1992Anglo-Saxon Attitudes
20%
Film2019Birds of a Feather
20%
Film2018Buttons, A New Musical
20%
TV Show1991Dark Season
20%
Short Documentary2006Deep Sea 3D
20%
Film2024DreamScapes
20%
Commercial2007-2020Lancôme
20%
TV Show2019-2020Moominvalley
20%
TV Documentary2017Snow Bears
20%
Short Film2016The Lost Letter
20%
Audiobook2012Thérèse Raquin
20%
Short Film2001War Game
20%
Documentary2009A Mother's Courage: Talking Back to Autism
13%
Short Film2020Baba Yaga
13%
TV Show2022CBeebies Bedtime Story
13%
Short Film2015Daisy Chain
13%
TV Documentary2017Diana: The Day Britain Cried
13%
Documentary2021Eating Our Way to Extinction
13%
Documentary2022Eleven Days in May
13%
FilmTBAFake!
13%
Video Game2015Insurgent - Shatter Reality
13%
Commercial2021-PresentL'Orèal
13%
Audiobook2014Matilda
13%
Documentary Series2016, 2018Nature
13%
TV Show1991Shrinks
13%
Documentary2015Snow Chick: A Penguin's Tale
13%
Commercial1987Sugar Puffs
13%
Film2020The French Dispatch
13%
Audiobook2014The Magic Finger
13%
Short Film2007Vanity Fair: Killers Kill, Dead Men Die
13%
Theater1994What the Butler Saw
13%
Audiobook2012You're a Bad Man, Mr. Gum!
13%
Theater1995A Game of Soldiers
7%
Commercial2005American Express
7%
Theater1991Annie
7%
Documentary Series2020A World of Calm
7%
Short Film2013Best Actress of All Time
7%
Theater1990Bugsy Malone
7%
Short Documentary2012Foie Gras Exposé
7%
Audiobook1999Listen to the Storyteller
7%
Documentary2011Na Nai'a: Legend of the Dolphins
7%
Film2025Naya Legend of the Golden Dolphin
7%
TV Documentary2003Nefertiti Revealed
7%
Short Documentary2012Oceans: Our Blue Planet
7%
TheaterEarly 1990sPeter Pan
7%
TV Short2019The Christmas Letter
7%
Short Documentary2018The Kodiak Queen
7%
TheaterEarly 1990sThe Secret Diary of Adrian Mole Aged 13 3/4
7%

Score Distribution

Percentile by Number Answered

Percent of People with Each Score

Your Score History

You have not taken this quiz since the last reset